10 największych miast województwa kujawsko-pomorskiego - Statystyki

Ogólne statystyki
  • Ten quiz został rozwiązany 19 razy
  • Średni wynik to 7 z 10
Statystyki odpowiedzi
Ludność Miasto % Poprawnych
324 043 Bydgoszcz
100%
193 717 Toruń
100%
99 474 Włocławek
100%
87 696 Grudziądz
95%
66 543 Inowrocław
95%
24 743 Świecie
63%
27 940 Brodnica
58%
16 848 Nakło nad Notecią
47%
15 215 Rypin
42%
17 827 Chełmno
26%
Nie znaleziono quizów pasujących do podanych kryteriów
Rozkład punktacji
Procent ludzi z każdym wynikiem
Percentyl według liczby udzielonych odpowiedzi
Twoja historia wyników
Nie rozwiązałeś tego quizu